Digital and communication electronics / (Record no. 40200)
[ view plain ]
| 000 -LEADER | |
|---|---|
| fixed length control field | 00760nam a22002057a 4500 |
| 005 - DATE AND TIME OF LATEST TRANSACTION | |
| control field | 20100807163358.0 |
| 010 ## - LCCN (DPL NO) | |
| LC control number | ENG-98914 |
| 020 ## - INTERNATIONAL STANDARD BOOK NUMBER | |
| Terms of availability | 90.00 |
| International Standard Book Number | 9789380439136 |
| 035 ## - SYSTEM CONTROL NUMBER | |
| System control number | EN-82446 |
| 037 ## - SOURCE OF ACQUISITION | |
| Source of stock number/acquisition | DBAD/PUB |
| 082 ## - DEWEY DECIMAL CLASSIFICATION NUMBER | |
| Classification number | 621.381 |
| 100 ## - MAIN ENTRY--PERSONAL NAME | |
| Personal name | Thirumoorthy, P. |
| 245 ## - TITLE STATEMENT | |
| Title | Digital and communication electronics / |
| Statement of responsibility, etc | by P.Thirumoorthy |
| 260 ## - PUBLICATION, DISTRIBUTION, ETC. (IMPRINT) | |
| Place of publication, distribution, etc | Erode |
| Name of publisher, distributor, etc | Kongu Nadu Literature |
| Date of publication, distribution, etc | 2009 |
| 270 ## - ADDRESS | |
| Address | 93, Chinnamuthu Main Street, E.K. Valasu, |
| City | Erode |
| Postal code | 638011 |
| 300 x# - PHYSICAL DESCRIPTION | |
| Extent | vi, 137p.: |
| Dimensions | 21cm (pbk) |
| Other physical details | ill. |
| 500 ## - GENERAL NOTE | |
| General note | includes bilbiographical references |
| 942 ## - ADDED ENTRY ELEMENTS (KOHA) | |
| Source of classification or shelving scheme | Dewey Decimal Classification |
| Item type | English Books |
| Classification part | 621.381 |
| Call number suffix | THI |
| Withdrawn status | Lost status | Not for loan | Collection code | Home library | Current library | Date acquired | Source of acquisition | Cost, normal purchase price | Full call number | Barcode | Copy number | Cost, replacement price | Koha item type |
|---|---|---|---|---|---|---|---|---|---|---|---|---|---|
| Not For Loan | Non-fiction | D.B.Act.Division | D.B.Act.Division | 07/08/2010 | DBAD/PUB | 90.00 | 621.381 THI | EN-82446 | 1 | 90.00 | English Books |
